Reálna konvergencia a determinanty rastu v krajinách SVE bakalárska práca

Na minha lista:
Detalhes bibliográficos
Autor principal: Vojtasová, Martina
Autor Corporativo: Národohospodárska fakulta EU. Katedra hospodárskej politiky
Outros Autores: Fifeková, Elena
Formato: Livro
Idioma:eslovaco
Publicado em: Bratislava 2019
Tags: Adicionar Tag
Sem tags, seja o primeiro a adicionar uma tag!

MARC

LEADER 00000nbm a2200000 4500
001 0256607
005 20191218092424.0
041 0 |a slo 
044 |a SK 
245 1 0 |a Reálna konvergencia a determinanty rastu v krajinách SVE  |b bakalárska práca  |c Martina Vojtasová ; školiteľ: Elena Fifeková 
264 1 |a Bratislava  |c 2019 
300 |a 41 s. 
100 1 |a Vojtasová, Martina 
700 1 |a Fifeková, Elena 
710 2 |a Národohospodárska fakulta EU. Katedra hospodárskej politiky